书目信息 |
| 题名: |
未成年人保护法律知识百问百答
|
|
| 作者: | 米振荣 主编 | |
| 分册: | ||
| 出版信息: | 北京 中国民主法制出版社 2021.03 |
|
| 页数: | 182页 | |
| 开本: | 24cm | |
| 丛书名: | 未成年人权益法律保护系列 | |
| 单 册: | ||
| 中图分类: | D922.74 | |
| 科图分类: | ||
| 主题词: | 未成年人保护法--wei cheng nian ren bao hu fa--基本知识--中国 | |
| 电子资源: | ||
| ISBN: | 978-7-5162-2197-6 | |
| 000 | 01348nam 2200265 450 | |
| 001 | CAL 0120217141460 | |
| 005 | 20230217093112.0 | |
| 010 | @a978-7-5162-2197-6@dCNY38.00 | |
| 100 | @a20210512d2021 em y0chiy0120 ea | |
| 101 | 0 | @achi |
| 102 | @aCN@b110000 | |
| 105 | @ay z 000yy | |
| 106 | @ar | |
| 200 | 1 | @a未成年人保护法律知识百问百答@Awei cheng nian ren bao hu fa lu^ zhi shi bai wen bai da@f米振荣主编 |
| 210 | @a北京@c中国民主法制出版社@d2021.03 | |
| 215 | @a182页@d24cm | |
| 225 | 2 | @a未成年人权益法律保护系列@Awei cheng nian ren quan yi fa lu^ bao hu xi lie |
| 314 | @a米振荣, 现任上海市长宁区人民法院党组书记、院长、二级高级法官。 | |
| 330 | @a本书紧扣未成年人权益保护的社会关注热点, 由从事未成年人司法审判经验丰富的优秀法官主编创作。根据新修订的未成人保护法的最新规定, 结合权益保护焦点, 从校园安全、网络保护、司法保护、社会保护、家庭保护及监护责任、学生“减负”、学生欺凌行为的处理程序等方面, 对其必备的法律知识给予解答。有助于进一步压实监护人的责任, 加强对学生负担、学生安全、学生欺凌等方面问题的治理, 有利于社会各界为切实加强未成年人权益的保护提供法治保障。 | |
| 410 | 0 | @12001 @a未成年人权益法律保护系列 |
| 606 | 0 | @a未成年人保护法@Awei cheng nian ren bao hu fa@x基本知识@y中国 |
| 690 | @aD922.74@v5 | |
| 701 | 0 | @a米振荣@Ami zhen rong@4主编 |
| 801 | 0 | @aCN@bBJXHZP@c20230222 |
| 905 | @b1378029-32@dD922.74@e2255@f4 | |
| 未成年人保护法律知识百问百答/米振荣主编.-北京:中国民主法制出版社,2021.03 |
| 182页;24cm.-(未成年人权益法律保护系列) |
| ISBN 978-7-5162-2197-6:CNY38.00 |
| 本书紧扣未成年人权益保护的社会关注热点, 由从事未成年人司法审判经验丰富的优秀法官主编创作。根据新修订的未成人保护法的最新规定, 结合权益保护焦点, 从校园安全、网络保护、司法保护、社会保护、家庭保护及监护责任、学生“减负”、学生欺凌行为的处理程序等方面, 对其必备的法律知识给予解答。有助于进一步压实监护人的责任, 加强对学生负担、学生安全、学生欺凌等方面问题的治理, 有利于社会各界为切实加强未成年人权益的保护提供法治保障。 |
| ● |
| 相关链接 |
|
|
|
|
正题名:未成年人保护法律知识百问百答
索取号:D922.74/2255
 
预约/预借
| 序号 | 登录号 | 条形码 | 馆藏地/架位号 | 状态 | 备注 |
| 1 | 1378029 | 213780292 | 第一样本阅览室/ [索取号:D922.74/2255] | 在馆 | |
| 2 | 1378030 | 213780309 | 第一借阅区/ [索取号:D922.74/2255] | 在馆 | |
| 3 | 1378031 | 213780318 | 第一借阅区/ [索取号:D922.74/2255] | 在馆 | |
| 4 | 1378032 | 213780327 | 第一借阅区/ [索取号:D922.74/2255] | 在馆 |